[Event "2. Bundesliga West 2004/2005"]
[Site "Schwaz"]
[Date "2004.10.16"]
[Round "1.1"]
[White "Dobosz, Henryk"]
[Black "Sandner, Gunter"]
[Result "1-0"]
[WhiteElo "2453"]
[BlackElo "2327"]
[PlyCount "63"]
[EventDate "2004.10.16"]

1. e4 g6 2. d4 Bg7 3. c4 c5 4. d5 d6 5. Nc3 Nf6 6. h3 O-O 7. Bd3 e6 8. Bg5 h6
9. Be3 exd5 10. exd5 Re8 11. Nf3 Na6 12. O-O Nc7 13. a4 Kh7 14. Qd2 a6 15. a5
Rb8 16. b3 Nh5 17. Nh2 f5 18. Qc2 Qf6 19. Na4 Na8 20. Rab1 Bd7 21. Nf3 b5 22.
axb6 Nxb6 23. Nxb6 Rxb6 24. Bd2 Qf7 25. g4 fxg4 26. Nh4 Nf4 27. Bxf4 Qxf4 28.
Nxg6 Qg5 29. Ne5+ Kg8 30. Bh7+ Kf8 31. Nxd7+ Ke7 32. Qf5 1-0

[Event "2. Bundesliga West 2004/2005"]
[Site "Schwaz"]
[Date "2004.10.16"]
[Round "1.1"]
[White "Jacob, Volker"]
[Black "Eisenbeiser, Amadeus"]
[Result "0-1"]
[WhiteElo "2280"]
[BlackElo "2304"]
[PlyCount "62"]
[EventDate "2004.10.16"]

1. e4 c5 2. Nf3 e6 3. d4 cxd4 4. Nxd4 a6 5. Bd3 Nf6 6. O-O Qc7 7. c4 g6 8. Nc3
Bg7 9. Be3 O-O 10. f4 d6 11. Kh1 b6 12. Qf3 Bb7 13. Rae1 Nc6 14. Nc2 Nd7 15.
Na3 f5 16. Qf2 Rae8 17. Na4 Nc5 18. Nxc5 bxc5 19. e5 dxe5 20. Bxc5 Rf7 21. Bb6
Qb8 22. c5 exf4 23. Qxf4 Be5 24. Qa4 Rd7 25. Bxa6 Rd4 26. Bc4 Rg4 27. Rf2 Kf8
28. Nb5 Bxh2 29. Nd6 Bxd6 30. cxd6 Qxd6 31. Kg1 Rh4 0-1

[Event "2. Bundesliga West 2004/2005"]
[Site "Schwaz"]
[Date "2004.10.16"]
[Round "1.1"]
[White "Schmidlechner, Alexander"]
[Black "Schmitt, Thomas"]
[Result "1-0"]
[WhiteElo "2212"]
[BlackElo "2230"]
[PlyCount "61"]
[EventDate "2004.10.16"]

1. d4 Nf6 2. c4 g6 3. Nc3 Bg7 4. e4 O-O 5. f4 d6 6. Nf3 c5 7. d5 a6 8. a4 e6 9.
Be2 exd5 10. cxd5 Re8 11. Nd2 Nbd7 12. O-O Qc7 13. Ra2 b6 14. b3 Ng4 15. Bxg4
Bxc3 16. Qc2 Bg7 17. Bb2 Bxb2 18. Qxb2 Qd8 19. Bf3 Bb7 20. Nc4 Qb8 21. Bg4 Bc8
22. e5 Nxe5 23. fxe5 Bxg4 24. Nxd6 Re7 25. Qc1 Rxe5 26. Nxf7 Bf5 27. Nxe5 Qxe5
28. Qd1 Rd8 29. Rd2 Qe3+ 30. Kh1 Bg4 31. Qxg4 1-0

[Event "2. Bundesliga West 2004/2005"]
[Site "Schwaz"]
[Date "2004.10.16"]
[Round "1.1"]
[White "Januschke, Markus"]
[Black "Hengl, Christian"]
[Result "1-0"]
[WhiteElo "2220"]
[BlackElo "2220"]
[PlyCount "121"]
[EventDate "2004.10.16"]

1. e4 e6 2. d4 d5 3. Nc3 Nf6 4. Bg5 Be7 5. e5 Nfd7 6. Bxe7 Qxe7 7. f4 O-O 8.
Nf3 f5 9. exf6 Qxf6 10. g3 c5 11. Qd2 Nc6 12. O-O-O a6 13. dxc5 Nxc5 14. Nd4
Bd7 15. Nxc6 Bxc6 16. Qd4 Rfd8 17. Qxc5 d4 18. Rg1 Rac8 19. Qe5 Qxe5 20. fxe5
dxc3 21. Bh3 cxb2+ 22. Kxb2 Kf7 23. c4 Ke7 24. Rge1 Rxd1 25. Rxd1 Rf8 26. Kc3
g5 27. Rd6 Bd7 28. Bg2 Bc8 29. Rb6 Kd7 30. c5 Kc7 31. Bh3 Rf2 32. Bxe6 Bxe6 33.
Rxe6 Rxh2 34. Rd6 h5 35. e6 h4 36. gxh4 Rxh4 37. Kd3 g4 38. Ke3 Rh5 39. Kf4 g3
40. Kxg3 Rxc5 41. Rd7+ Kc6 42. Kf4 Rc2 43. Rd8 Re2 44. Kf5 b5 45. Kf6 Rxa2 46.
e7 Re2 47. e8=Q+ Rxe8 48. Rxe8 Kd5 49. Kf5 Kd4 50. Kf4 Kd3 51. Kf3 b4 52. Rd8+
Kc2 53. Ke2 b3 54. Rc8+ Kb1 55. Kd2 b2 56. Rb8 a5 57. Kc3 Ka1 58. Rxb2 a4 59.
Rb4 a3 60. Kb3 a2 61. Rh4 1-0

[Event "2. Bundesliga West 2004/2005"]
[Site "Schwaz"]
[Date "2004.10.16"]
[Round "1.1"]
[White "Wallis, Toni"]
[Black "Egartner, Wolfgang"]
[Result "1/2-1/2"]
[WhiteElo "2177"]
[BlackElo "2128"]
[PlyCount "97"]
[EventDate "2004.10.16"]

1. e4 c6 2. d4 d5 3. Nd2 dxe4 4. Nxe4 Nd7 5. Nf3 Ngf6 6. Bd3 Nxe4 7. Bxe4 Nf6
8. Bd3 Bg4 9. c3 Qd5 10. O-O Bxf3 11. Qxf3 Qxf3 12. gxf3 e6 13. Re1 g6 14. Bg5
Nh5 15. b4 Bg7 16. Re2 O-O 17. Rb1 Rac8 18. Rc2 Rfe8 19. a4 e5 20. dxe5 Bxe5
21. Be3 Rcd8 22. Bf1 a6 23. b5 axb5 24. axb5 Ra8 25. bxc6 bxc6 26. Bc4 Reb8 27.
Rxb8+ Rxb8 28. Bd3 Rb3 29. Be4 Rxc3 30. Rxc3 Bxc3 31. Bxc6 Be5 32. Kg2 Kg7 33.
Bb5 f5 34. Bc6 Kf6 35. Bb5 f4 36. Bb6 Kg5 37. Bc4 Bf6 38. Bg8 Be7 39. Bd4 Bf6
40. Bc5 h6 41. Bf8 Bd8 42. Bd5 Nf6 43. Bc6 h5 44. Bg7 Ng8 45. Be5 Ne7 46. Bb7
Nf5 47. Be4 Bb6 48. Kf1 Bc5 49. Kg2 1/2-1/2

[Event "2. Bundesliga West 2004/2005"]
[Site "Schwaz"]
[Date "2004.10.16"]
[Round "1.1"]
[White "Jenul, Reinhold"]
[Black "Eisenbeiser, Karlheinz"]
[Result "1/2-1/2"]
[WhiteElo "2119"]
[BlackElo "2061"]
[PlyCount "63"]
[EventDate "2004.10.16"]

1. d4 d6 2. e4 Nf6 3. Nc3 g6 4. Nf3 Bg7 5. Be2 c6 6. O-O O-O 7. h3 Nbd7 8. Be3
e5 9. dxe5 dxe5 10. Qd2 Qe7 11. a3 Nc5 12. Bg5 Ne6 13. Bh6 Rd8 14. Qe3 Nd4 15.
Bxg7 Kxg7 16. Rac1 h6 17. Rfd1 Nxf3+ 18. Bxf3 Rxd1+ 19. Rxd1 Be6 20. Be2 Nd7
21. Kh2 Nb6 22. Nb1 Rd8 23. Rxd8 Qxd8 24. Qd2 Qd4 25. Qxd4 exd4 26. b3 f5 27.
Nd2 Kf6 28. Bd3 Nd7 29. f4 fxe4 30. Nxe4+ Ke7 31. g4 Bd5 32. Kg3 1/2-1/2

[Event "2. Bundesliga West 2004/2005"]
[Site "Schwaz"]
[Date "2004.10.16"]
[Round "1.2"]
[White "Volke, Karsten"]
[Black "Ivanov, Mikhail"]
[Result "1/2-1/2"]
[WhiteElo "2483"]
[BlackElo "2463"]
[PlyCount "47"]
[EventDate "2004.10.16"]

1. Nf3 d5 2. d4 c6 3. c4 Nf6 4. Nc3 a6 5. c5 Nbd7 6. Bf4 Nh5 7. e3 g6 8. Bd3
Bg7 9. O-O O-O 10. Bg5 h6 11. Bh4 Qe8 12. Na4 e5 13. dxe5 Nxe5 14. Nxe5 Qxe5
15. Re1 f5 16. f3 Qc7 17. Bf2 Be6 18. Qc2 Be5 19. g3 g5 20. Nc3 Ng7 21. Ne2
Rae8 22. Nd4 Bc8 23. Qd2 Qf7 24. Bc2 1/2-1/2

[Event "2. Bundesliga West 2004/2005"]
[Site "Schwaz"]
[Date "2004.10.16"]
[Round "1.2"]
[White "Karpatchev, Aleksandr"]
[Black "Poettinger, Harald"]
[Result "1/2-1/2"]
[WhiteElo "2484"]
[BlackElo "2259"]
[PlyCount "74"]
[EventDate "2004.10.16"]

1. e4 d6 2. d4 Nf6 3. Nc3 e5 4. Nf3 exd4 5. Nxd4 Be7 6. f3 O-O 7. Be3 d5 8. e5
c5 9. exf6 Bxf6 10. Ndb5 d4 11. Bf4 dxc3 12. Qxd8 Rxd8 13. Nxc3 Bf5 14. Nb5 Nc6
15. c3 Ne5 16. Rd1 Rxd1+ 17. Kxd1 a6 18. Na3 Rd8+ 19. Kc1 b5 20. Nc2 Bd3 21.
Be3 g5 22. Ne1 c4 23. Nxd3 Nxd3+ 24. Bxd3 Rxd3 25. Re1 Kg7 26. Kc2 Kg6 27. Bd2
Rd5 28. Re8 Rd8 29. Re4 Rd5 30. h4 gxh4 31. b3 Bg5 32. Be1 Rc5 33. Bxh4 Bxh4
34. Rxh4 Rg5 35. g4 Re5 36. Kd2 Rd5+ 37. Kc2 Re5 1/2-1/2

[Event "2. Bundesliga West 2004/2005"]
[Site "Schwaz"]
[Date "2004.10.16"]
[Round "1.2"]
[White "Herbrechtsmeier"]
[Black "Hanel, Reinhard"]
[Result "1-0"]
[WhiteElo "2289"]
[BlackElo "2285"]
[PlyCount "53"]
[EventDate "2004.10.16"]

1. e4 c5 2. Nf3 Nc6 3. d4 cxd4 4. Nxd4 Nf6 5. Nc3 e5 6. Ndb5 d6 7. Bg5 a6 8.
Na3 b5 9. Bxf6 gxf6 10. Nd5 f5 11. exf5 Bxf5 12. c3 Bg7 13. Nc2 O-O 14. Nce3
Be6 15. g3 f5 16. Bh3 Ne7 17. O-O Rb8 18. Qd2 Nxd5 19. Nxd5 Qd7 20. Rfe1 Kh8
21. Rad1 a5 22. a3 Qf7 23. Kh1 Qh5 24. Bg2 Bh6 25. Nf4 Bxf4 26. gxf4 Bb3 27.
Qxd6 1-0

[Event "2. Bundesliga West 2004/2005"]
[Site "Schwaz"]
[Date "2004.10.16"]
[Round "1.2"]
[White "Lickleder, Andreas"]
[Black "Gattenloehner, S."]
[Result "1/2-1/2"]
[WhiteElo "2251"]
[BlackElo "2235"]
[PlyCount "37"]
[EventDate "2004.10.16"]

1. e4 c5 2. Nf3 e6 3. d4 cxd4 4. Nxd4 a6 5. c4 Nf6 6. Bd3 Nc6 7. Nxc6 dxc6 8.
O-O e5 9. Qe2 Bc5 10. Kh1 Ng4 11. Be3 Qh4 12. h3 Bxe3 13. fxe3 Be6 14. Nc3
O-O-O 15. Rad1 h5 16. Rf3 Nf6 17. Qf2 Qxf2 18. Rxf2 b6 19. Rfd2 1/2-1/2

[Event "2. Bundesliga West 2004/2005"]
[Site "Schwaz"]
[Date "2004.10.16"]
[Round "1.2"]
[White "Heilinger, Dietmar"]
[Black "Hager, Franz"]
[Result "1-0"]
[WhiteElo "2167"]
[BlackElo "2224"]
[PlyCount "61"]
[EventDate "2004.10.16"]

1. c4 e6 2. g3 d5 3. Bg2 c6 4. Qc2 f5 5. d3 Nf6 6. Nf3 Bd6 7. Nbd2 O-O 8. O-O
f4 9. d4 Nbd7 10. b3 Qe8 11. Bb2 Qh5 12. Rae1 fxg3 13. fxg3 c5 14. e4 cxd4 15.
cxd5 e5 16. Nh4 Bc5 17. Kh1 b6 18. h3 Ba6 19. Rf5 Qe8 20. Bf1 Bb7 21. Qd1 g6
22. Rf3 Nh5 23. Kh2 Qe7 24. Bc4 Qg5 25. Nf1 Nxg3 26. d6+ Kg7 27. Nxg3 Qxh4 28.
Ref1 Nf6 29. Rf5 Ng4+ 30. Qxg4 Qxg4 31. Rf7+ 1-0

[Event "2. Bundesliga West 2004/2005"]
[Site "Schwaz"]
[Date "2004.10.16"]
[Round "1.2"]
[White "Endthaler, Arnold"]
[Black "Eiler, Gebhard"]
[Result "1/2-1/2"]
[WhiteElo "2088"]
[BlackElo "2084"]
[PlyCount "53"]
[EventDate "2004.10.16"]

1. e4 c5 2. Nf3 Nc6 3. d4 cxd4 4. Nxd4 g6 5. Nc3 Bg7 6. Be3 Nf6 7. Be2 O-O 8.
Nb3 d6 9. O-O Be6 10. f4 Qc8 11. h3 Rd8 12. Nd4 Nxd4 13. Bxd4 Bc4 14. Bxc4 Qxc4
15. Qd3 Qb4 16. a3 Qa5 17. Qf3 e5 18. fxe5 dxe5 19. Be3 Rd7 20. Kh1 Qc7 21. Rf2
Qc4 22. Bg5 Nh5 23. Nd5 Qxe4 24. Ne7+ Kh8 25. Qxf7 Rf8 26. Qe6 Rdd8 27. Rf7
1/2-1/2

[Event "2. Bundesliga West 2004/2005"]
[Site "Schwaz"]
[Date "2004.10.16"]
[Round "1.3"]
[White "Medvegy, Zoltan"]
[Black "Schmittdiel, E."]
[Result "1-0"]
[WhiteElo "2456"]
[BlackElo "2449"]
[PlyCount "61"]
[EventDate "2004.10.16"]

1. e4 c5 2. Nf3 e6 3. d4 cxd4 4. Nxd4 Nf6 5. Nc3 Nc6 6. Ndb5 d6 7. Bf4 e5 8.
Bg5 a6 9. Na3 b5 10. Nd5 Be7 11. Bxf6 Bxf6 12. c3 Rb8 13. Nc2 Bg5 14. a4 bxa4
15. Ncb4 Nxb4 16. Nxb4 Bd7 17. Bxa6 Qa5 18. Qxd6 Rb6 19. Qd3 Rxb4 20. cxb4
Qxb4+ 21. Kf1 Bc6 22. h4 Bf4 23. Qc4 Qxc4+ 24. Bxc4 Ke7 25. Bd5 Bb5+ 26. Kg1
Rb8 27. g3 Bd2 28. Kg2 Be8 29. Rhb1 Bb4 30. Rc1 Rb6 31. Rc7+ 1-0

[Event "2. Bundesliga West 2004/2005"]
[Site "Schwaz"]
[Date "2004.10.16"]
[Round "1.3"]
[White "Bromberger, Stefan"]
[Black "Bensch, Patrick"]
[Result "1-0"]
[WhiteElo "2440"]
[BlackElo "2295"]
[PlyCount "51"]
[EventDate "2004.10.16"]

1. e4 c5 2. Nf3 Nc6 3. Nc3 Nf6 4. Bb5 Nd4 5. e5 Nxb5 6. Nxb5 Nd5 7. Ng5 f6 8.
Ne4 a6 9. Nbc3 Nxc3 10. dxc3 d6 11. exd6 exd6 12. Bf4 Bf5 13. Nxd6+ Bxd6 14.
Bxd6 Qd7 15. Qe2+ Kf7 16. Bxc5 Qd5 17. Be3 Qxg2 18. Qc4+ Be6 19. Qc7+ Kg6 20.
O-O-O Rac8 21. Qd6 Kf7 22. Rhg1 Qc6 23. Rxg7+ Kxg7 24. Qe7+ Kg6 25. Rg1+ Kf5
26. Rg5+ 1-0

[Event "2. Bundesliga West 2004/2005"]
[Site "Schwaz"]
[Date "2004.10.16"]
[Round "1.3"]
[White "Webersberger, Johann"]
[Black "Duer, Arne"]
[Result "1/2-1/2"]
[WhiteElo "2233"]
[BlackElo "2386"]
[PlyCount "52"]
[EventDate "2004.10.16"]

1. e4 c5 2. Nf3 e6 3. d3 Nc6 4. g3 d5 5. Nbd2 Nge7 6. b3 d4 7. Bg2 g6 8. O-O
Bg7 9. a4 O-O 10. Nc4 b6 11. Bf4 Ba6 12. Qd2 Bxc4 13. bxc4 e5 14. Bh6 Qd6 15.
h4 f6 16. Bxg7 Kxg7 17. Nh2 Rae8 18. Rae1 Ng8 19. f4 Nh6 20. f5 Nf7 21. fxg6
hxg6 22. Ng4 Re6 23. Bh3 Rh8 24. Nh2 Ree8 25. Ng4 Re6 26. Nh2 Ree8 1/2-1/2

[Event "2. Bundesliga West 2004/2005"]
[Site "Schwaz"]
[Date "2004.10.16"]
[Round "1.3"]
[White "Pilz, Dieter"]
[Black "Ager, Josef"]
[Result "1/2-1/2"]
[WhiteElo "2303"]
[BlackElo "2222"]
[PlyCount "119"]
[EventDate "2004.10.16"]

1. Nf3 Nc6 2. c4 d6 3. Nc3 e5 4. d4 exd4 5. Nxd4 Nf6 6. g3 Be7 7. Bg2 Bd7 8.
O-O O-O 9. b3 Re8 10. Bb2 Bf8 11. e3 Rb8 12. Nd5 Nxd5 13. cxd5 Nxd4 14. Qxd4 a6
15. Rac1 Re7 16. Rc3 Bf5 17. Rfc1 h6 18. Rc4 b6 19. Rc6 Rb7 20. Qc3 Qd7 21. Qc4
Ra7 22. e4 Bh3 23. f4 Bxg2 24. Kxg2 Kh8 25. e5 Qf5 26. Re1 Ra8 27. Qc2 Qxc2+
28. Rxc2 dxe5 29. fxe5 Rd8 30. Rd1 Red7 31. Rcd2 Kg8 32. Kf3 g6 33. g4 Bg7 34.
h4 Re8 35. Re2 Red8 36. Ke4 Re8 37. g5 h5 38. Kf4 Red8 39. Red2 Bf8 40. Bc3 a5
41. Ke4 Bg7 42. d6 Re8 43. dxc7 Rxc7 44. Rd8 Kf8 45. Rxe8+ Kxe8 46. Bd4 Rc6 47.
Kd5 Re6 48. Rc1 Kd7 49. a4 Bf8 50. Rf1 Ke8 51. Rf6 Rxf6 52. exf6 Bb4 53. Bxb6
Be1 54. Be3 Kd7 55. Bf4 Bxh4 56. Bd2 Bg3 57. Ke4 Bc7 58. b4 axb4 59. Bxb4 Kc6
60. Be1 1/2-1/2

[Event "2. Bundesliga West 2004/2005"]
[Site "Schwaz"]
[Date "2004.10.16"]
[Round "1.3"]
[White "Knechtel, Roland"]
[Black "Ferrari, Josef"]
[Result "1-0"]
[WhiteElo "2229"]
[BlackElo "2220"]
[PlyCount "35"]
[EventDate "2004.10.16"]

1. d4 d5 2. c4 e6 3. Nc3 c5 4. cxd5 exd5 5. Nf3 Nc6 6. Bg5 f6 7. Bf4 cxd4 8.
Nxd4 a6 9. e3 Bb4 10. Nxc6 bxc6 11. Qa4 Qb6 12. Be2 Ne7 13. O-O Ng6 14. Nxd5
Qc5 15. Nxb4 Nxf4 16. exf4 O-O 17. Nxc6 Kh8 18. Qb4 1-0

[Event "2. Bundesliga West 2004/2005"]
[Site "Schwaz"]
[Date "2004.10.16"]
[Round "1.3"]
[White "Gerhold, Michael"]
[Black "Hackbarth, Wolfgang"]
[Result "0-1"]
[WhiteElo "2203"]
[BlackElo "2137"]
[PlyCount "94"]
[EventDate "2004.10.16"]

1. d4 Nf6 2. Nf3 g6 3. c4 Bg7 4. Nc3 d6 5. e4 O-O 6. Be2 e5 7. O-O Nc6 8. d5
Ne7 9. Ne1 Nd7 10. Be3 f5 11. f3 a5 12. Nd3 b6 13. a3 f4 14. Bf2 Nc5 15. Qc2 g5
16. b4 Nxd3 17. Bxd3 g4 18. c5 Ng6 19. cxb6 gxf3 20. gxf3 Bh3 21. Kh1 Bxf1 22.
Rxf1 cxb6 23. Na4 axb4 24. axb4 Rc8 25. Qe2 Rb8 26. Rc1 Ne7 27. Bb5 Kh8 28. Qf1
Bf6 29. Qh3 Rg8 30. Bd7 Rg7 31. Be6 b5 32. Nc3 Ng8 33. Qf1 Qe8 34. Qh3 Ra8 35.
Bf5 Ra3 36. Bg1 Bd8 37. Ne2 Ra2 38. Nc3 Rb2 39. Rb1 Rxb1 40. Nxb1 Qe7 41. Nc3
Qc7 42. Nxb5 Qc1 43. Bg4 Rg6 44. Qg2 h5 45. Nxd6 hxg4 46. fxg4 f3 47. Qh3+ Nh6
0-1

[Event "2. Bundesliga West 2004/2005"]
[Site "Schwaz"]
[Date "2004.10.16"]
[Round "1.4"]
[White "Schmidt, Georg"]
[Black "Halasz, Tamas"]
[Result "1/2-1/2"]
[WhiteElo "2364"]
[BlackElo "2383"]
[PlyCount "62"]
[EventDate "2004.10.16"]

1. e4 e5 2. Nf3 Nf6 3. Nxe5 d6 4. Nf3 Nxe4 5. Qe2 Qe7 6. d3 Nf6 7. Bg5 Nbd7 8.
Nc3 Qxe2+ 9. Bxe2 h6 10. Bd2 g6 11. Nb5 Kd8 12. c4 Bg7 13. O-O Re8 14. Rfe1 a6
15. Nc3 Ne5 16. d4 Nxf3+ 17. Bxf3 Rb8 18. h3 Be6 19. c5 dxc5 20. dxc5 Nd7 21.
Be3 Ne5 22. Be4 Ke7 23. Nd5+ Bxd5 24. Bxd5 Kf8 25. Bf4 g5 26. Bg3 f5 27. Bxe5
Bxe5 28. Rab1 c6 29. Bf3 Rbd8 30. Re2 Bd4 31. Rc2 Bf6 1/2-1/2

[Event "2. Bundesliga West 2004/2005"]
[Site "Schwaz"]
[Date "2004.10.16"]
[Round "1.4"]
[White "Astl, Peter"]
[Black "Panteleev, Petar"]
[Result "0-1"]
[WhiteElo "2233"]
[BlackElo "2295"]
[PlyCount "93"]
[EventDate "2004.10.16"]

1. Nf3 Nf6 2. c4 g6 3. Nc3 Bg7 4. d4 O-O 5. Bg5 d6 6. e3 h6 7. Bh4 c5 8. Be2
cxd4 9. Nxd4 Nc6 10. O-O Bd7 11. Rc1 a6 12. Qd2 Nxd4 13. exd4 b5 14. Bf3 Rc8
15. c5 g5 16. Bg3 dxc5 17. dxc5 Rxc5 18. Qe3 Rc8 19. Be5 Ng4 20. Bxg4 Bxg4 21.
h3 Bxe5 22. Qxe5 Be6 23. f4 Qc7 24. Nd5 Qxe5 25. Nxe7+ Kg7 26. fxe5 Rxc1 27.
Rxc1 Re8 28. Rc7 Kf8 29. Nc6 Bxa2 30. Kf2 a5 31. Nxa5 Rxe5 32. g4 Re4 33. Rc2
Be6 34. Nb7 Rf4+ 35. Ke3 Ke7 36. Rc7+ Kf6 37. Rc6 Rb4 38. Nc5 Rxb2 39. Rb6 Rh2
40. Ne4+ Kg7 41. Nf2 Bc4 42. Rd6 Rg2 43. Kf3 Rg1 44. Ne4 Be6 45. Rb6 Rb1 46.
Nd6 b4 47. Ne4 0-1

[Event "2. Bundesliga West 2004/2005"]
[Site "Schwaz"]
[Date "2004.10.16"]
[Round "1.4"]
[White "Opl, Klaus"]
[Black "Eybl, Alexander"]
[Result "1/2-1/2"]
[WhiteElo "2305"]
[BlackElo "2259"]
[PlyCount "43"]
[EventDate "2004.10.16"]

1. e4 g6 2. d4 Bg7 3. Nc3 c6 4. Nf3 d5 5. h3 dxe4 6. Nxe4 Nd7 7. Bc4 Ngf6 8.
Neg5 O-O 9. Qe2 Nd5 10. Bd2 e5 11. dxe5 Nxe5 12. Nxe5 Bxe5 13. O-O-O Qf6 14.
Ne4 Bxb2+ 15. Kb1 Qg7 16. Bxd5 cxd5 17. Bb4 dxe4 18. Bxf8 Qxf8 19. Kxb2 Qb4+
20. Ka1 Qc3+ 21. Kb1 Qb4+ 22. Ka1 1/2-1/2

[Event "2. Bundesliga West 2004/2005"]
[Site "Schwaz"]
[Date "2004.10.16"]
[Round "1.4"]
[White "Neuschmied, S."]
[Black "Peterwagner, Heinz"]
[Result "1/2-1/2"]
[WhiteElo "2218"]
[BlackElo "2214"]
[PlyCount "94"]
[EventDate "2004.10.16"]

1. e4 c5 2. Nf3 Nc6 3. Bb5 d6 4. O-O Bd7 5. c3 Nf6 6. Re1 e6 7. d4 cxd4 8. cxd4
d5 9. e5 Ne4 10. Bd3 Nb4 11. Bxe4 dxe4 12. Rxe4 Bc6 13. Re3 g5 14. Nc3 g4 15.
Ne1 Qh4 16. a3 Nd5 17. Nxd5 Bxd5 18. Rc3 Be7 19. Qa4+ Kf8 20. Be3 Bc6 21. Qc2
Rg8 22. Qd2 Bg5 23. Nd3 Rg6 24. Bxg5 Rxg5 25. Nb4 Rh5 26. Qf4 Be8 27. Rd1 a5
28. Nc2 Rd8 29. Rc7 Rf5 30. Qg3 Qxg3 31. hxg3 Rxe5 32. Rxb7 Re2 33. Ne3 Ba4 34.
Rc1 Rxd4 35. Ra7 Rdd2 36. Nxg4 h5 37. Ne3 Rxf2 38. Rxa5 Bb3 39. Rc8+ Kg7 40.
Rxh5 Rfe2 41. Rc3 Bd5 42. Nxd5 exd5 43. Rf3 Rxb2 44. Rhf5 Rxg2+ 45. Kf1 Rh2 46.
Rxf7+ Kg6 47. R7f6+ Kg7 1/2-1/2

[Event "2. Bundesliga West 2004/2005"]
[Site "Schwaz"]
[Date "2004.10.16"]
[Round "1.4"]
[White "Mroz, Thomas"]
[Black "Mittelberger, Peter"]
[Result "1/2-1/2"]
[WhiteElo "2105"]
[BlackElo "2257"]
[PlyCount "94"]
[EventDate "2004.10.16"]

1. d4 d6 2. Nf3 g6 3. g3 Bg7 4. Bg2 Nf6 5. O-O O-O 6. c4 Nc6 7. Nc3 a6 8. h3
Rb8 9. a4 a5 10. Re1 Nb4 11. Na2 Nxa2 12. Rxa2 Nd7 13. b3 Re8 14. Bb2 c6 15. d5
Bxb2 16. Rxb2 cxd5 17. Qxd5 Nc5 18. Qd2 Bd7 19. Qh6 Ne6 20. h4 Bc6 21. h5 Qb6
22. hxg6 hxg6 23. Nh4 Qd4 24. Rbb1 Qg7 25. Qd2 Ra8 26. Nf3 Qf6 27. Red1 Kg7 28.
Nd4 Nxd4 29. Qxd4 Qxd4 30. Rxd4 Rec8 31. Rbd1 Ra6 32. R1d3 Rb6 33. Re3 Rc7 34.
Bd5 Rd7 35. Bg2 Rb4 36. Rdd3 Kf8 37. Rd2 Rc7 38. Bd5 Kg7 39. Rf3 Be8 40. Re3
Kf8 41. Bf3 Rc5 42. Rd5 Rxd5 43. Bxd5 Bc6 44. Bf3 e6 45. Kf1 Ke7 46. Ke1 Kd7
47. Kd2 Ke7 1/2-1/2

[Event "2. Bundesliga West 2004/2005"]
[Site "Schwaz"]
[Date "2004.10.16"]
[Round "1.5"]
[White "Teske, Henrik"]
[Black "Heinzel, Olaf"]
[Result "1/2-1/2"]
[WhiteElo "2542"]
[BlackElo "2402"]
[PlyCount "82"]
[EventDate "2004.10.16"]

1. c4 Nf6 2. Nf3 e6 3. Nc3 d5 4. d4 Be7 5. Bf4 O-O 6. e3 c6 7. Bd3 Nbd7 8. Rc1
a6 9. O-O dxc4 10. Bxc4 b5 11. Bb3 Bb7 12. Ne5 c5 13. Nxd7 Qxd7 14. dxc5 Qc6
15. f3 Bxc5 16. Kh1 Qb6 17. e4 Be3 18. Bxe3 Qxe3 19. Qe2 Qxe2 20. Nxe2 Rac8 21.
Kg1 Rxc1 22. Rxc1 Rc8 23. Kf2 Kf8 24. Ke3 Ke7 25. Rxc8 Bxc8 26. Kd4 Nd7 27. f4
Bb7 28. g3 Kd8 29. a4 Bxe4 30. axb5 Bb7 31. bxa6 Bxa6 32. Nc3 Bb7 33. Bc2 h6
34. Be4 Bxe4 35. Nxe4 Kc7 36. Nc5 Nf6 37. Nd3 Ne8 38. Ne5 Nd6 39. Nc4 Nf5+ 40.
Ke4 f6 41. Ne3 Nd6+ 1/2-1/2

[Event "2. Bundesliga West 2004/2005"]
[Site "Schwaz"]
[Date "2004.10.16"]
[Round "1.5"]
[White "Bayer, Bernhard"]
[Black "Luther, Thomas"]
[Result "1/2-1/2"]
[WhiteElo "2300"]
[BlackElo "2533"]
[PlyCount "59"]
[EventDate "2004.10.16"]

1. Nf3 d5 2. g3 c6 3. Bg2 Bg4 4. b3 Nd7 5. Bb2 Ngf6 6. c4 e6 7. O-O Bd6 8. cxd5
exd5 9. d3 O-O 10. Nbd2 Re8 11. Re1 a5 12. Qc2 a4 13. bxa4 Qa5 14. e4 Bxf3 15.
Bxf3 Ne5 16. Bg2 Qxa4 17. Nb3 dxe4 18. dxe4 Qc4 19. Qxc4 Nxc4 20. Bd4 Be5 21.
Bxe5 Nxe5 22. f4 Nd3 23. Red1 Nb4 24. e5 Nfd5 25. Bxd5 Nxd5 26. a4 g5 27. Rd4
gxf4 28. gxf4 f6 29. Re1 fxe5 30. Rxe5 1/2-1/2

[Event "2. Bundesliga West 2004/2005"]
[Site "Schwaz"]
[Date "2004.10.16"]
[Round "1.5"]
[White "Duer, Werner"]
[Black "Fuchs, Georg"]
[Result "1/2-1/2"]
[WhiteElo "2264"]
[BlackElo "2281"]
[PlyCount "60"]
[EventDate "2004.10.16"]

1. d4 Nf6 2. Nf3 g6 3. Bg5 Bg7 4. Nbd2 d5 5. e3 O-O 6. Be2 Nbd7 7. O-O Qe8 8.
Bf4 c6 9. h3 Ne4 10. Nxe4 dxe4 11. Nd2 f5 12. c3 e5 13. dxe5 Nxe5 14. Nc4 Nxc4
15. Bxc4+ Be6 16. Qb3 Bxc4 17. Qxc4+ Rf7 18. a4 h6 19. a5 a6 20. Rfd1 Kh7 21.
Rd2 Rd7 22. Rad1 Rad8 23. Rxd7 Rxd7 24. Rxd7 Qxd7 25. Qb3 Bf6 26. Bb8 Bd8 27.
Qb4 Be7 28. Qb3 Bd8 29. Qb4 Be7 30. Qb3 Bd8 1/2-1/2

[Event "2. Bundesliga West 2004/2005"]
[Site "Schwaz"]
[Date "2004.10.16"]
[Round "1.5"]
[White "Angerer, Helmut"]
[Black "Lawitsch, Guenther"]
[Result "1-0"]
[WhiteElo "2195"]
[BlackElo "2230"]
[PlyCount "82"]
[EventDate "2004.10.16"]

1. b3 e5 2. Bb2 Nc6 3. e3 g6 4. Nf3 Bg7 5. d4 exd4 6. Nxd4 Nxd4 7. Bxd4 Bxd4 8.
Qxd4 Qf6 9. Nc3 Qxd4 10. exd4 Nf6 11. Nb5 Kd8 12. f3 d6 13. Bc4 Be6 14. Bd3 Re8
15. Kd2 Nh5 16. Rhe1 Nf4 17. Bf1 Nd5 18. c4 Nf6 19. b4 a5 20. a3 Bd7 21. Nc3
Rxe1 22. Rxe1 axb4 23. axb4 Ra3 24. Bd3 h5 25. h4 Ng8 26. Be4 c6 27. Kc2 Ne7
28. Kb2 Ra8 29. Bc2 Bf5 30. Bb3 Ke8 31. g4 hxg4 32. fxg4 Bxg4 33. Ne4 Kf8 34.
Nxd6 Nf5 35. Nxf5 Bxf5 36. Re5 Re8 37. Rxe8+ Kxe8 38. d5 cxd5 39. cxd5 Bc8 40.
Kc3 Ke7 41. Kd4 Kf6 1-0

[Event "2. Bundesliga West 2004/2005"]
[Site "Schwaz"]
[Date "2004.10.16"]
[Round "1.5"]
[White "Fuerlinger, Harald"]
[Black "Reiter, Franz"]
[Result "1/2-1/2"]
[WhiteElo "2074"]
[BlackElo "2070"]
[PlyCount "71"]
[EventDate "2004.10.16"]

1. d4 f5 2. Nc3 Nf6 3. Nf3 d5 4. Bf4 e6 5. Nb5 Na6 6. e3 Be7 7. c4 c6 8. Nc3
Nb8 9. Bd3 O-O 10. O-O Ne4 11. Bxb8 Rxb8 12. Ne5 Qe8 13. f4 Nd6 14. b3 Nf7 15.
Kh1 Nxe5 16. fxe5 b5 17. cxb5 cxb5 18. g4 b4 19. Ne2 g6 20. gxf5 gxf5 21. Nf4
Bd7 22. Rc1 Rc8 23. Rxc8 Bxc8 24. Be2 Bd8 25. Qe1 a5 26. Bh5 Qe7 27. Rg1+ Kh8
28. Qg3 Bd7 29. Be2 Qf7 30. Bh5 Qe7 31. Qg2 Bc8 32. Be2 Qf7 33. Bh5 Qe7 34. Qh3
Qh4 35. Qxh4 Bxh4 36. Rc1 1/2-1/2

[Event "2. Bundesliga West 2004/2005"]
[Site "Schwaz"]
[Date "2004.10.16"]
[Round "1.6"]
[White "Ginsburg, Gennadij"]
[Black "Braun, Arik"]
[Result "1-0"]
[WhiteElo "2519"]
[BlackElo "2473"]
[PlyCount "46"]
[EventDate "2004.10.16"]

1. e4 c6 2. d4 d5 3. Nd2 dxe4 4. Nxe4 Nd7 5. Ng5 Ngf6 6. Bd3 e6 7. N1f3 Bd6 8.
Qe2 h6 9. Ne4 Nxe4 10. Qxe4 Nf6 11. Qe2 b6 12. Bd2 Bb7 13. O-O-O Qc7 14. Rhe1
O-O 15. g4 c5 16. g5 hxg5 17. Nxg5 cxd4 18. Rg1 Rfc8 19. Nxe6 fxe6 20. Qxe6+
Kf8 21. Rg6 Qe7 22. Qh3 Rc5 23. Rdg1 Rh5 1-0